000 01399cam a2200337 i 4500
020 _a0309028043
082 0 0 _a624.151
_bSCH
110 2 _aNational Research Council (U.S.).
_920017
245 1 0 _aLandslides, analysis and control /
_cRobert L. Schuster, Raymond J. Krizek, editors ; Transportation Research Board, Commission on Sociotechnical Systems, National Research Council.
260 _aWashington :
_bNational Academy of Sciences,
_c1978.
300 _avii, 234 p. :
_bill. (1 fold in pocket) ;
_c28 cm.
490 1 _aSpecial report - Transportation Research Board, National Research Council ; 176
526 _a0
_b0
_c0
_d624_151000000000000_SCH
526 _a0
_b0
_c0
_d624_151000000000000_SCH
526 _a0
_b0
_c0
_d624_151000000000000_SCH
526 _a0
_b0
_c0
_d624_151000000000000_SCH
526 _a0
_b0
_c0
_d624_151000000000000_SCH
526 _a0
_b0
_c0
_d624_151000000000000_SCH
526 _a0
_b0
_c0
_d624_151000000000000_SCH
526 _a0
_b0
_c0
_d624_151000000000000_SCH
526 _a0
_b0
_c0
_d624_151000000000000_SCH
526 _a0
_b0
_c0
_d624_151000000000000_SCH
526 _a0
_b0
_c0
_d624_151000000000000_SCH
526 _a0
_b0
_c0
_d624_151000000000000_SCH
650 0 _aLandslides.
_942339
650 0 _aMCE
_9379
650 0 _aSlopes (Soil mechanics)
_937705
700 1 _aKrizek, Raymond J.
_942340
700 1 _aSchuster, Robert L.
_942341
942 _2ddc
_cBK
999 _c546247
_d546247